• 首页
  • 本馆介绍
  • 公告通知
  • 最新文献
  • 馆藏检索
  • 电子资源
  • 读者导购
  • 参考咨询
  • 我的图书馆
  • 登录
  • 详细信息显示
  • 放入我的书架
  • 预约/预借图书
  • 作者相关作品
  • 分类相关作品
  • 丛书相关作品
  • 出版社相关作品

书目信息

  • 表格格式
  • 工作单格式
  • 卡片格式
题名:
脉冲数字电路及其应用
    
 
作者: 刘宝琴 , 郑君里 编著
分册: 上册  
出版信息: 北京   人民邮电出版社  1982.06
页数: 443页
开本: 19cm
丛书名:
单 册:
中图分类: TN431.2 , TN78
科图分类:
主题词: 数字电路:脉冲电路 , 半导体集成电路 , 脉冲电路:数字电路
电子资源:
ISBN:
000 00783nam0 2200277 45
001 0185020552
005 20061123151302.85
010    @dCNY1.45
091    @a15045
100    @a19900923d1982 em y0chiy0121 ea
101 0  @achi
102    @aCN@b110000
105    @ay z 000yy
200 10 @a脉冲数字电路及其应用@Amai chong shu zi dian lu ji qi ying yong@h上册@f刘宝琴, 郑君里编著
210    @a北京@c人民邮电出版社@d1982.06
215    @a443页@d19cm
606    @a数字电路:脉冲电路
606 0  @a半导体集成电路
606    @a脉冲电路:数字电路
690    @aTN431.2
690    @aTN78@v3 
701  0 @a刘宝琴@Aliu bao qin@4编著
701  0 @a郑君里@Azheng jun li@4编著
801  2 @aCN@bNLC@c20061123
801  0 @aCN@b深圳图书馆@c20040519
905    @f1@b77927@dTN431.2@e23:1
    
    脉冲数字电路及其应用.上册/刘宝琴, 郑君里编著.-北京:人民邮电出版社,1982.06
    443页;19cm
    
    
    ISBN :CNY1.45
    
●
相关链接 在E读中查询图书 在五车中查询图书 在当当中查询图书 在豆瓣中查询图书


正题名:脉冲数字电路及其应用     索取号:TN431.2/23:1         预约/预借

序号 登录号 条形码 馆藏地/架位号 状态 备注
1 0077928   001353207   第二样本阅览室/ [索取号:TN431.2/23:1] 在馆    
唐山师范学院图书馆 欢迎您!
大连网信软件有限公司© 版权所有